What darkness does : Coroner's Daughter/ Jennifer Graeser Dornbush.
Called in to investigate the body of a young mother found floating in a small Michigan lake, Freeport coroner Dr. Emily Hartford quickly determines that Savannah Browdey was murdered. But where is her infant daughter? Working alongside police detective Ishkode Aditson, as well as her recently returned boyfriend Nick Larsen, Emily becomes ferociously determined to find the missing baby and stop a cruel killer's reign of terror.
Record details
- ISBN: 9798200897001
- ISBN: 9798200897018
- Physical Description: 8 audio discs (10 hr.) : CD audio, digital ; 4 3/4 in.
- Edition: Unabridged.
- Publisher: [Ashland, Oregon] : Blackstone Publishing, [2025]
Content descriptions
| General Note: | Compact discs. |
| Participant or Performer Note: | Read by Sophie Amoss. |
Search for related items by subject
| Genre: | Thriller Audiobooks. Detective and mystery fiction. |
Search for related items by series
Available copies
- 0 of 1 copy available at scottsboropl.
Holds
- 1 current hold with 1 total copy.
Show Only Available Copies
| Location | Call Number / Copy Notes | Barcode | Shelving Location | Status | Due Date |
|---|---|---|---|---|---|
| scottsboropl | BK/CD Dor | 32269001295909 | Adult - New | Checked out | 06/02/2026 |
| LDR | 03058nim a22006737i 4500 | ||
|---|---|---|---|
| 001 | 167390 | ||
| 003 | SBPL | ||
| 005 | 20260420092432.0 | ||
| 008 | 251125s2025 orunnnne f n eng d | ||
| 007 | sd fsngnnmmned | ||
| 020 | . | ‡a9798200897001 ‡q(sound recording ; ‡qBlackstone Library CD) | |
| 020 | . | ‡a9798200897018 ‡q(sound recording ; ‡qBlackstone Retail CD) | |
| 035 | . | ‡a(OCoLC)1553765647 | |
| 050 | 4. | ‡aPS3604.O763 | |
| 082 | 0 | 4. | ‡a813/.6 ‡223 |
| 100 | 1 | . | ‡aDornbush, Jennifer, ‡d1971-: ‡eauthor. |
| 245 | 1 | 0. | ‡aWhat darkness does : ‡bCoroner's Daughter/ ‡cJennifer Graeser Dornbush. |
| 250 | . | ‡aUnabridged. | |
| 264 | 1. | ‡a[Ashland, Oregon] : ‡bBlackstone Publishing, ‡c[2025] | |
| 300 | . | ‡a8 audio discs (10 hr.) : ‡bCD audio, digital ; ‡c4 3/4 in. | |
| 336 | . | ‡aspoken word ‡bspw ‡2rdacontent | |
| 337 | . | ‡aaudio ‡bs ‡2rdamedia | |
| 338 | . | ‡aaudio disc ‡bsd ‡2rdacarrier | |
| 344 | . | ‡adigital ‡2rdatr | |
| 344 | . | ‡boptical ‡2rdarm | |
| 347 | . | ‡aaudio file ‡2rdaft | |
| 347 | . | ‡bCD audio | |
| 490 | 0 | . | ‡aThe Coroner's Daughter Mysteries ; ‡vBk 5 |
| 500 | . | ‡aCompact discs. | |
| 511 | 0 | . | ‡aRead by Sophie Amoss. |
| 520 | . | ‡aCalled in to investigate the body of a young mother found floating in a small Michigan lake, Freeport coroner Dr. Emily Hartford quickly determines that Savannah Browdey was murdered. But where is her infant daughter? Working alongside police detective Ishkode Aditson, as well as her recently returned boyfriend Nick Larsen, Emily becomes ferociously determined to find the missing baby and stop a cruel killer's reign of terror. | |
| 650 | 0. | ‡aWomen surgeons ‡vFiction. | |
| 650 | 0. | ‡aCoroners ‡vFiction. | |
| 650 | 0. | ‡aMissing children ‡vFiction. | |
| 650 | 0. | ‡aMissing persons ‡xInvestigation ‡vFiction. | |
| 650 | 0. | ‡aSerial murder investigation ‡vFiction. | |
| 650 | 0. | ‡aPsychic trauma ‡vFiction. | |
| 650 | 0. | ‡a Women Sleuths. | |
| 650 | 0. | ‡aCrime | |
| 651 | 0. | ‡aMichigan ‡vFiction. | |
| 655 | 7. | ‡aThriller | |
| 655 | 7. | ‡aAudiobooks. ‡2lcgft | |
| 655 | 7. | ‡aDetective and mystery fiction. ‡2lcgft | |
| 700 | 1 | . | ‡aAmoss, Sophie, : ‡enarrator. |
| 800 | 0 | . | ‡aCoroner's Daughter ; ‡vBk 5 |
| 901 | . | ‡a167390 ‡bAUTOGEN ‡c167390 ‡tbiblio | |